Score 0/10 Timer 00:45
4 Plays Today
% Correct
Theodore 'T-Bag' Bagwell
Prison Break
87%
Jaime Lannister
Game of Thrones
82.4%
Steve Harrington
Stranger Things
81.1%
Quinn Fabray
Glee
79.5%
James 'Sawyer' Ford
Lost
79%
Rosita Espinosa
The Walking Dead
79%
Charlie Salinger
Party of Five
76.5%
Marnie Michaels
Girls
75.1%
Eve Polastri
Killing Eve
69.7%
Sara Lance
Legends of Tomorrow
68.2%
Remove Ads.
Support Sporcle.
Get the best of Sporcle when you Go Orange. This ad-free experience offers more features, more stats, and more fun while also helping to support Sporcle. Thank you for becoming a member.

You're not logged in!

Compare scores with friends on all Sporcle quizzes.
OR
Log In

Show Comments

Extras

Top Quizzes Today


Score Distribution

Your Account Isn't Verified!

In order to create a playlist on Sporcle, you need to verify the email address you used during registration. Go to your Sporcle Settings to finish the process.

Report this User

Report this user for behavior that violates our Community Guidelines.

Details: